| 000 | 02745njm a2200553 i 4500 | ||
|---|---|---|---|
| 001 | 196121 | ||
| 003 | ES-MaACL | ||
| 005 | 20250904042306.0 | ||
| 007 | sd*fsngnnmmned | ||
| 008 | 240209s2007 sp opn d / ita | ||
| 015 | _aSON07 | ||
| 017 |
_aM 35015-2007 _bOficina Depósito Legal Madrid |
||
| 020 | _a9788496832824 | ||
| 035 | _a(OCoLC)1004290756 | ||
| 035 | _a(SpMaBN)a4580580 | ||
| 040 |
_aSpMaBN _bspa _cSpMaBN _erdc |
||
| 100 | 1 |
_aDonizetti, Gaetano, _d1797-1848 _9240583 _ecmp |
|
| 240 | 1 | 2 | _aL'elisir d'amore |
| 245 | 1 | 2 |
_aL'elisir d'amore / _cDonizetti ; libreto de Felice Romani _h[Grabación sonora] |
| 260 |
_aMadrid : _bPrisa Innova ; _cD.L. 2007 |
||
| 264 | _a©2007 | ||
| 300 |
_a2 discos (CD Audio) + _e1 libro (76 páginas) |
||
| 336 |
_2rdacontent _amúsica (interpretada) |
||
| 337 |
_2rdamedia _aaudio |
||
| 338 |
_2rdacarrier _avolumen |
||
| 490 | 1 |
_aLos clásicos de la ópera, 400 años ; _v37 |
|
| 500 | _aRemasterizado | ||
| 511 | 1 | _aMargherita Carosio, Nicola Monti, Tito Gobbi, Melchiorre Luise, Loretta di Lelio ; Coro y Orquesta del Teatro de la Ópera de Roma ; Gabriele Santini, director musical. | |
| 518 | _aGrabado en Roma en noviembre de 1952 | ||
| 520 | _aJunto con Don Pasquale e Il Barbiere di Siviglia, L¡elisir d'amore, estrenada en el Teatro della Canobbiana de MIlán el 12 de mayo de 1832, constituye una de las cimas de la ópera cómica italiana, por su directo melodismo, la acertada caracterización de unos personajes rebosantes de humanidad y de una partitutra de una frescura y una inspiración melódica sin parangón, como demuestra la célebre aria "Una furtiva lagrima". | ||
| 650 | 7 |
_aÓperas- _9137584 _vLibretos |
|
| 655 | 7 |
_aLibretos _2 _9242219 |
|
| 700 | 1 |
_aRomani, Felice, _d1788-1865- _tL'elisir d'amore- _lEspañol-Italiano _9238358 _elbt |
|
| 700 | 1 |
_aCarosio, Margherita, _d1908-2005 _9238359 _eprf |
|
| 700 | 1 |
_aMonti, Nicola, _d1898-1967 _9238360 _eprf |
|
| 700 | 1 |
_aGobbi, Tito, _d1913-1984 _9238361 _eprf |
|
| 700 | 1 |
_aLuise, Melchiorre, _d1898-1967 _9238362 _eprf |
|
| 700 | 1 |
_aDi Lelio, Loretta, _d1918-2013 _9238363 _eprf |
|
| 700 | 1 |
_aSantini, Gabriele, _d1886-1964 _9235566 _emsd |
|
| 710 | 2 |
_aTeatro dell'Opera di Roma _9238364 |
|
| 710 | 2 |
_aTeatro dell'Opera di Roma _9238364 |
|
| 852 |
_aES-MaACL _bR.155050 _cDEPOJ _jN-9832 _hDonación: Miren Fernández _xEncuadernación cartoné _pVolumen 37 _9205790 |
||
| 903 |
_aFernández, Miren _ednr |
||
| 942 |
_cMONOGRAFIA _n0 |
||
| 999 |
_c196121 _d196121 |
||